De México a Honduras : (Record no. 165586)

MARC details
000 -LEADER
campo de control de longitud fija 01012nam a22002535i 4500
001 - NÚMERO DE CONTROL
campo de control 165586
003 - IDENTIFICADOR DE NÚMERO DE CONTROL
campo de control ES-MaACL
005 - FECHA Y HORA DE LA ÚLTIMA TRANSACCIÓN
campo de control 20251121165514.0
008 - DATOS DE LONGITUD FIJA--INFORMACIÓN GENERAL
campo de control de longitud fija 000125s1900 cr |||| | spa d
080 ## - NÚMERO DE LA CLASIFICACIÓN DECIMAL UNIVERSAL
Número de la Clasificación Decimal Universal 929 Cortés, Hernán
080 ## - NÚMERO DE LA CLASIFICACIÓN DECIMAL UNIVERSAL
Número de la Clasificación Decimal Universal 94(72)"1517/21"
080 ## - NÚMERO DE LA CLASIFICACIÓN DECIMAL UNIVERSAL
Número de la Clasificación Decimal Universal 94(72)"1521/1821"
100 1# - ENTRADA PRINCIPAL--NOMBRE DE PERSONA
Nombre de persona Soto Hall, Máximo.
9 (RLIN) 107517
245 10 - MENCIÓN DEL TÍTULO
Título De México a Honduras :
Resto del título (el viaje de Hernán Cortés) /
Mención de responsabilidad, etc. Max Soto Hall.
260 ## - PUBLICACIÓN, DISTRIBUCIÓN, ETC.
Lugar de publicación, distribución, etc. San José :
Nombre del editor, distribuidor, etc. [s.n.],
Fecha de publicación, distribución, etc. 1900 (
Fabricante Tip. Nacional)
300 ## - DESCRIPCIÓN FÍSICA
Extensión 103 p. ;
Dimensiones 21 cm.
530 ## - NOTA DISPONIBLE DE FORMULARIO FÍSICO ADICIONAL
Nota de formato físico adicional disponible Disponible en formato digital.
600 14 - PUNTO DE ACCESO ADICIONAL DE MATERIA--NOMBRE DE PERSONA
Nombre de persona Cortés, Hernán,
Fechas asociadas al nombre 1485-1547
9 (RLIN) 40853
651 #4 - PUNTO DE ACCESO ADICIONAL DE MATERIA--NOMBRE GEOGRÁFICO
Nombre geográfico México-
Subdivisión general Historia-
Subdivisión cronológica 1517-1521, Descubrimiento y conquista.
9 (RLIN) 136484
651 #4 - PUNTO DE ACCESO ADICIONAL DE MATERIA--NOMBRE GEOGRÁFICO
Nombre geográfico México-
Subdivisión general Historia-
Subdivisión cronológica 1521-1821, Época colonial.
9 (RLIN) 158070
852 4# - LOCALIZACIÓN
Ubicación ES-MaACL
Número de control de estantería T-1039-F-4
Nota libre - Enc. hol., conservando cub. original
-- - Enc. en un vol. facticio
856 4# - LOCALIZACIÓN Y ACCESO ELECTRÓNICOS
Identificador Uniforme de Recursos <a href="http://bdh-rd.bne.es/viewer.vm?id=0000053572&page=1 ">http://bdh-rd.bne.es/viewer.vm?id=0000053572&page=1 </a>
Nota pública Biblioteca Digital Hispánica
Holdings
Estatus retirado Estado de pérdida Estado de daño No para préstamo Colección Biblioteca de origen Biblioteca actual Ubicación en estantería Fecha de adquisición Total de préstamos Signatura topográfica completa Código de barras Visto por última vez Precio de reemplazo Tipo de ítem Koha
        Colección de folletos Biblioteca del Ateneo de Madrid Biblioteca del Ateneo de Madrid Depósito folletos 17/01/2008   T-1039-F-4 1173653 23/02/2023 23/02/2023 Folleto